KOHA-Header-6

Electrical Engineering Materials (Record no. 2605)

000 -LEADER
fixed length control field 00308nam a2200121Ia 4500
008 - FIXED-LENGTH DATA ELEMENTS--GENERAL INFORMATION
fixed length control field 190802s9999 xx 000 0 und d
020 ## - INTERNATIONAL STANDARD BOOK NUMBER
International Standard Book Number 81-88458-48-1
100 ## - MAIN ENTRY--PERSONAL NAME
Personal name Dr.Rakesh Dogra
245 #0 - TITLE STATEMENT
Title Electrical Engineering Materials
260 ## - PUBLICATION, DISTRIBUTION, ETC. (IMPRINT)
Place of publication, distribution, etc New Delhi
Name of publisher, distributor, etc Katson books
Date of publication, distribution, etc 2013
300 ## - PHYSICAL DESCRIPTION
Extent 338:P
942 ## - ADDED ENTRY ELEMENTS (KOHA)
Koha item type Books
Holdings
Withdrawn status Lost status Damaged status Not for loan Collection code Permanent Location Current Location Shelving location Date acquired Full call number Barcode Date last seen Price effective from Koha item type
        Electrical Engineering MAJU MAJU Shelf No.A34 2019-10-16 621.3 9228 2019-08-03 2019-08-03 Electrical Engineering

Powered by Koha